000 00595cam a2200217 4500
001 J118796
008 #DATE n2002 000 0 eng u
035 _a(Sirsi) u118796
041 _aeng
050 _a333.332
110 _aDrivers Jonas
_91941
245 _aIn depth : variance in valuations
260 _aLondon
_bDrivers Jonas
_c2002
300 _a(4)p.
_c30cm.
350 _a0
650 _aPROPERTY INVESTMENT
650 _aPROPERTY PERFORMANCE MEASUREMENT
690 _aPROPERTY-PROPERTY APPRAISAL AND VALUATION
710 _aInvestment Property Databank
_92288
942 _n0
999 _c102180
_d102180